| 000 | 01339cam a2200337 i 4500 | ||
|---|---|---|---|
| 001 | 183063IP | ||
| 003 | EG-ScBUE | ||
| 005 | 20260414153108.0 | ||
| 008 | 950327t1995 dcua f b 001 0 eng d | ||
| 020 | _a0841230625 | ||
| 020 | _a9780841230620 | ||
| 040 |
_aDLC _beng _erda _cDLC _dEG-ScBUE |
||
| 082 | 0 | 4 |
_222 _a574.19214 _bMEC |
| 110 | 2 |
_aAmerican Chemical Society. _bMeeting. _n(205th : _d1993 : _cDenver, Colo.) |
|
| 245 | 1 | 0 |
_aMechanistic bioinorganic chemistry / _c[editors] H. Holden Thorp, Vincent L. Pecoraro ; developed from a symposium sponsored by the Division of Inorganic Chemistry, Inc., at the 205th National Meeting of the American Chemical Society, Denver, Colorado, March 28-April 2, 1993. |
| 264 | 1 |
_aWashington : _bAmerican Chemical Society, _c[1995] |
|
| 264 | 4 | _cc1995 | |
| 300 |
_axii, 505 pages : _billustrations ; _c24 cm |
||
| 336 |
_2rdacontent _atext _btxt |
||
| 337 |
_aunmediated _2rdamedia _bn |
||
| 338 |
_avolume _bnc _2rdacarrier |
||
| 504 | _aIncludes bibliographical references and index. | ||
| 650 | 7 |
_aBioinorganic chemistry _xCongresses. _2BUEsh |
|
| 653 |
_bGGEN _bENGCHE _cMarch2018 |
||
| 655 | _vReading book | ||
| 700 | 1 |
_aThorp, H. Holden, _d1964- _eeditor. _938124 |
|
| 700 | 1 |
_aPecoraro, Vincent L., _eeditor. |
|
| 942 |
_2ddc _cBB |
||
| 998 | _c3/15/1996 | ||
| 998 |
_b1/25/1996 _c1/25/1996 |
||
| 999 |
_c26244 _d26216 |
||